banner koha

Anais do 11. Seminario sobre Atualidades e Perspectivas Florestais. A Influencia das Florestas no Manejo de Bacias Hidrograficas (Registro n. 280748)

MARC details
000 -LÍDER
campo de controle de tamanho fixo 01214nac a22002897a 4500
001 - NÚMERO DE CONTROLE
campo de controle BR8708266
003 - IDENTIFICADOR DO NÚMERO DE CONTROLE
campo de controle BR-BrBNA
005 - DATA E HORÁRIO DA ÚLTIMA TRANSAÇÃO
campo de controle 20240105120648.0
008 - CAMPO DE DADOS FIXOS--INFORMAÇÃO GERAL
campo de controle de tamanho fixo 230509b bl.|||m| |||| 00| 0 por d
040 ## - FONTE DA CATALOGAÇÃO
Instituição da catalogação original BR-BrBNA
Idioma da catalogação por
Instituição que transcreveu o registro Biblioteca Nacional de Agricultura
072 ## - CÓDIGO DE CATEGORIA DE ASSUNTO
Código de Categoria de Assunto K10; K70; F40
090 ## - NÚMERO DE CHAMADA LOCAL
Número de chamada K10 BR8708266
110 1# - ENTRADA PRINCIPAL--NOME CORPORATIVO
Nome corporativo ou nome da jurisdição Centro Nacional de Pesquisa de Florestas, Curitiba, PR (Brasil)
9 (RLIN) 1765
111 1# - ENTRADA PRINCIPAL--NOME DO EVENTO
Nome do evento ou lugar 11. Seminario sobre Atualidades e Perspectivas Florestais
Local do evento Curitiba, PR (Brazil)
Data do evento ou assinatura do tratado 7 Feb 1984
245 1# - TÍTULO
Título Anais do 11. Seminario sobre Atualidades e Perspectivas Florestais. A Influencia das Florestas no Manejo de Bacias Hidrograficas
246 1# - FORMA VARIANTE DO TÍTULO
Título/título abreviado [Annals of the 3. Seminary about Forestal Actualities and Perspectives. The Influence of the Forests in Management of Watersheds]
260 3# - PUBLICAÇÃO, DISTRIBUIÇÃO, ETC.
Local de publicação, distribuição, etc. Curitiba, PR (Brasil):
Data da publicação, distribuição, etc. 1985.
300 ## - DESCRIÇÃO FÍSICA
Extensão 142 p.
490 ## - TÍTULO DA SÉRIE
Título da série Documentos - Centro Nacional de Pesquisa de Florestas (Brazil)
Número do volume ou designação sequencial da série no. 16
ISSN - International Standard Serial Number ISSN 0101-7691
650 ## - ASSUNTO--TERMO TÓPICO
Cabeçalho tópico ou nome geográfico FLORESTA
650 ## - ASSUNTO--TERMO TÓPICO
Cabeçalho tópico ou nome geográfico PRODUCAO FLORESTAL
650 ## - ASSUNTO--TERMO TÓPICO
Cabeçalho tópico ou nome geográfico PROTECAO FLORESTAL
650 ## - ASSUNTO--TERMO TÓPICO
Cabeçalho tópico ou nome geográfico EXPLORACAO FLORESTAL
650 ## - ASSUNTO--TERMO TÓPICO
Cabeçalho tópico ou nome geográfico ECOLOGIA FLORESTAL
909 ## -
-- 202312
-- Lúcia Elande
-- 55
-- Lúcia Elande
942 ## - ELEMENTOS DE ENTRADA ADICIONADOS (KOHA)
Fonte da classificação ou esquema de arquivamento na estante Classificação AGRIS
Ocultar no OPAC Não
Tipo de material Koha Monografia Seriada
Exemplares
Situação do descarte Fonte da classificação ou esquema de arquivamento na estante Situação física Não pode ser emprestado Coleção Biblioteca de origem Biblioteca atual Localização na estante Total de empréstimos Número de telefone completo Código de barras Data de último acesso Tipo de material Koha Fonte de aquisição
  Classificação AGRIS       Biblioteca Nacional de Agricultura - Binagri Biblioteca Nacional de Agricultura - Binagri Agrobase - Acervo Geral   K10 BR8708266 K10 BR8708266 18/12/2023 Monografia Seriada Portaria Interministerial nº 164/94

BINAGRI

Telefone: (61)3218-2567/2388/3357/2097 - binagri@agro.gov.br

Ministério da Agricultura e Pecuária , Esplanada dos Ministérios, Bloco D, Anexo B, Brasília/DF, CEP: 70.043-900